| 000 | 00525cab a2200193 4500 | ||
|---|---|---|---|
| 001 | WB2521-12 | ||
| 008 | 090401t1989 xxu||||| |||| 00| 0 eng d | ||
| 035 | _a(Sirsi) u47299 | ||
| 041 | _aeng | ||
| 245 | _aSecuritised mortgages | ||
| 260 | _c1989 | ||
| 350 | _a0 | ||
| 490 |
_aWeekend Financial Times _v27/5/89 pV(2) |
||
| 520 | _aReports on the rising interest in securitisation of mortgages in this country. | ||
| 650 | _aMORTGAGE LENDING | ||
| 690 |
_aBlock management _96220 |
||
| 942 | _n0 | ||
| 948 | _c04/03/1997 | ||
| 999 |
_c29831 _d29831 |
||